000 00331nam a22001337a 4500
008 170421b xxu||||| |||| 00| 0 eng d
020 _a138461880
041 _aeng
080 _a573
100 _a11
101 _aSHM
245 _aSTATISTICS WITH APPLICATIONS TO THE BIOLOGICAL AND HEALTH SCIENCES
_cREMINGTON
942 _2udc
_cBK
999 _c11538
_d11538